| 000 | 00893cad a22002055a 4500 | ||
|---|---|---|---|
| 001 | E154937 | ||
| 008 | 120206e20120204xxk 000 0 eng u | ||
| 035 | _a(Sirsi) u154937 | ||
| 041 | 0 | _aeng | |
| 110 | 2 |
_aBank of Scotland _95792 |
|
| 245 | 0 | 0 |
_aMore people in Scotland expect house prices to rise than fall in 2012 _h[electronic resource] |
| 260 | _c2012 | ||
| 490 |
_aBank of Scotland Press Release _v4 February 2012 |
||
| 520 | _aThe Bank of Scotland Housing Market Confidence tracker suggests that 28% of those surveyed think that house prices will rise in Scotland in the next year, compared to 24% who think prices will fall. | ||
| 590 | _aKA | ||
| 651 | 4 |
_aScotland _y1999- |
|
| 690 |
_aResidential property _96266 |
||
| 856 | 4 | 0 |
_uhttps://www.lloydsbankinggroup.com/media/pdfs/bos/2012/0402_rise.pdf _zView the news release free of charge at www.lloydsbankinggroup.com |
| 942 | _n0 | ||
| 999 |
_c83752 _d83752 |
||